000 00737nam a2200253Ia 4500
003 OSt
005 20220918222450.0
006 a|||||r|||| 00| 0
007 ta
008 220917b |||||||| |||| 00| 0 eng d
024 _a216,981
037 _cTextual
040 _aARTS
_cARTS
_beng
041 _2eng
_aeng
082 _aP:(S:4), P0
100 _aHerschensohn Julia
_9143228
245 0 _aSecond time around minimalism and 12 acquisition
260 _aAmsterdam
_bJohn Benjamins Publishing Company
_c2000
300 _axiii, 287p
_ccm.
490 _aLanguage acquisition & language disorders; v 21
650 _aLINGUISTICS
942 _hP:(S:4), P0
_cTEXL
_2CC
999 _c275606
_d275606